Trends in inpatient hospital deaths : National Hospital Discharge Survey, 2000-2010 /
| Main Authors: | , , |
|---|---|
| Format: | Government Document eBook |
| Language: | English |
| Published: |
Hyattsville, MD :
U.S. Department of Health and Human Services, Centers for Disease Control and Prevention, National Center for Health Statistics,
2013.
|
| Series: | NCHS data brief (Series) ;
no. 118. DHHS publication ; no. (PHS) 2013-1209. |
| Subjects: | |
| Online Access: | https://purl.fdlp.gov/GPO/gpo41998 http://purl.fdlp.gov/GPO/gpo41998 |
MARC
| Tag | First Indicator | Second Indicator | Subfields |
|---|---|---|---|
| LEADER | 00000cam a2200000 i 4500 | ||
| 001 | in00003428921 | ||
| 005 | 20210312122818.0 | ||
| 006 | m o d f | ||
| 007 | cr c|||||||||| | ||
| 008 | 130812s2013 mdua obs f000 0 eng c | ||
| 035 | |a (OCoLC)ocn855543101 | ||
| 042 | |a pcc | ||
| 043 | |a n-us--- | ||
| 040 | |a CUS |b eng |e rda |e pn |c CUS |d OCLCA |d GPO |d MvI | ||
| 049 | |a WWW | ||
| 074 | |a 0500-E-17 (online) | ||
| 086 | 0 | |a HE 20.6234:118 | |
| 100 | 1 | |a Hall, Margaret Jean, |e author. | |
| 245 | 1 | 0 | |a Trends in inpatient hospital deaths : |b National Hospital Discharge Survey, 2000-2010 / |c Margaret Jean Hall, Shaleah Levant, and Carol J. DeFrances. |
| 246 | 3 | 0 | |a National Hospital Discharge Survey, 2000-2010 |
| 264 | 1 | |a Hyattsville, MD : |b U.S. Department of Health and Human Services, Centers for Disease Control and Prevention, National Center for Health Statistics, |c 2013. | |
| 300 | |a 1 online resource (7 pages) : |b color illustrations. | ||
| 336 | |a text |b txt |2 rdacontent | ||
| 337 | |a computer |b c |2 rdamedia | ||
| 338 | |a online resource |b cr |2 rdacarrier | ||
| 490 | 1 | |a NCHS data brief, |x 1941-4935 ; |v no. 118 | |
| 490 | 1 | |a DHHS publication ; |v no. (PHS) 2013-1209 | |
| 500 | |a Title from title screen (viewed on July 23, 2013). | ||
| 500 | |a "March 2013." | ||
| 504 | |a Includes bibliographical references (page 7). | ||
| 610 | 2 | 0 | |a National Hospital Discharge Survey (U.S.) |
| 650 | 0 | |a Hospitals |x Admission and discharge |z United States |v Statistics. | |
| 650 | 0 | |a Hospitals |x Death |v Statistics. | |
| 700 | 1 | |a Levant, Shaleah, |e author. | |
| 700 | 1 | |a DeFrances, Carol J., |e author. | |
| 710 | 2 | |a National Center for Health Statistics (U.S.), |e issuing body. | |
| 776 | 0 | 8 | |i Print version: |t Trends in inpatient hospital deaths |w (OCoLC)840915095 |
| 830 | 0 | |a NCHS data brief (Series) ; |v no. 118. | |
| 830 | 0 | |a DHHS publication ; |v no. (PHS) 2013-1209. | |
| 856 | 4 | 0 | |u https://purl.fdlp.gov/GPO/gpo41998 |t 0 |
| 856 | 4 | 0 | |u http://purl.fdlp.gov/GPO/gpo41998 |t 0 |
| 999 | f | f | |s d7c9355f-db4e-37e6-b27b-04552424845f |i 72f264b8-89ae-36d1-98d3-1f03ac2ff82a |t 0 |
| 952 | f | f | |a Texas A&M University |b College Station |c Electronic Resources |d Available Online |t 0 |e HE 20.6234:118 |h Superintendent of Documents classification |
| 998 | f | f | |a HE 20.6234:118 |t 0 |l Available Online |